000 00675nam a2200253Ia 4500
003 OSt
005 20220918191735.0
006 a|||||r|||| 00| 0
007 ta
008 220917b |||||||| |||| 00| 0 eng d
024 _a64,904
037 _cTextual
040 _aARTS
_cARTS
_beng
041 _2eng
_aeng
082 _aQ4a, L9
100 _aLancaster Lewis R
_977093
245 0 _aKorean Buddhist canon
_b a descriptive catalogue
260 _aBerkeley
_bUniv Of California Press
_c1979
300 _axxiii
_ccm.
500 _aBib 716-24p
650 _aRELIGION
942 _hQ4a, L9
_cTEXL
_2CC
999 _c191247
_d191247